000 00540nam a22001817a 4500
005 20251108164806.0
008 250721s1968 xx 000 0 ara d
082 1 4 _a810.4/ميخ
100 1 _aنعيمه، ميخائيل
245 1 0 _aالمراحل :
_bسياحات في ظواهر الحياة و بواطنها /
250 _aط2.
264 1 _aبيروت :
_bدار صادر،
_c1968.
300 _a141ص
650 1 7 _aالأدب العربي
650 1 7 _aالمقالات الأدبية
942 _2ddc
_cBK
999 _c14481
_d14481